Essays on Marx's theory of value / (Record no. 55205)

MARC details
000 -LEADER
fixed length control field 00951 a2200241 4500
008 - FIXED-LENGTH DATA ELEMENTS--GENERAL INFORMATION
fixed length control field 100602t xxu||||| |||| 00| 0 eng d
010 ## - LCCN (DPL NO)
LC control number ENG-103383
020 ## - INTERNATIONAL STANDARD BOOK NUMBER
Terms of availability 325.00
International Standard Book Number 9788189833336
035 ## - SYSTEM CONTROL NUMBER
System control number EN-86916
037 ## - SOURCE OF ACQUISITION
Source of stock number/acquisition DBAD / PUB
040 ## - CATALOGING SOURCE
Original cataloging agency DPL
Language of cataloging Eng
082 ## - DEWEY DECIMAL CLASSIFICATION NUMBER
Classification number 335.412
100 ## - MAIN ENTRY--PERSONAL NAME
Personal name Rubin, I.I.
9 (RLIN) 32320
245 ## - TITLE STATEMENT
Title Essays on Marx's theory of value /
Statement of responsibility, etc by I.I.Rubin ; translated by.Milos Samardzija [and] Fredy Perlman
260 ## - PUBLICATION, DISTRIBUTION, ETC. (IMPRINT)
Place of publication, distribution, etc Delhi
Name of publisher, distributor, etc Aakar Books
Date of publication, distribution, etc 2009
270 ## - ADDRESS
Address 28E Pocket 4, Mayur Vihar Phase 1,
City Delhi
Postal code 110091
Telephone number 011-22795505
Fax number 011-22795641
Electronic mail address aakarbooks@gmail.
300 ## - PHYSICAL DESCRIPTION
Extent iv,275p.
Dimensions 24cm (pbk )
700 ## - ADDED ENTRY--PERSONAL NAME
9 (RLIN) 32354
Personal name Samardzija, Milos
700 ## - ADDED ENTRY--PERSONAL NAME
Personal name Perlman, Fredy
9 (RLIN) 33790
710 ## - ADDED ENTRY--CORPORATE NAME
9 (RLIN) 32355
942 ## - ADDED ENTRY ELEMENTS (KOHA)
Institution code [OBSOLETE] dpl
Item type English Books
Source of classification or shelving scheme Dewey Decimal Classification
Call number suffix RUB
Classification part 335.412
Holdings
Withdrawn status Lost status Source of classification or shelving scheme Damaged status Not for loan Collection code Home library Current library Date acquired Source of acquisition Cost, normal purchase price Total Checkouts Full call number Barcode Date last seen Copy number Cost, replacement price Koha item type
    Dewey Decimal Classification   Not For Loan Non-fiction D.B.Act.Division D.B.Act.Division 10/08/2011 DBAD/PUB 325.00   335.412 RUB EN-86916 10/08/2011 1 325.00 English Books

© Delhi Public Library
Hit Counter
free hit counter